<?xml version="1.0" encoding="UTF-8"?>
<record
    xmlns:xsi="http://www.w3.org/2001/XMLSchema-instance"
    xsi:schemaLocation="http://www.loc.gov/MARC21/slim http://www.loc.gov/standards/marcxml/schema/MARC21slim.xsd"
    xmlns="http://www.loc.gov/MARC21/slim">

  <leader>00436nam a2200169   4500</leader>
  <controlfield tag="003">SEACOMEC</controlfield>
  <controlfield tag="005">20240509130311.0</controlfield>
  <controlfield tag="008">240509b        |||||||| |||| 00| 0 eng d</controlfield>
  <datafield tag="020" ind1=" " ind2=" ">
    <subfield code="a">9788183710484</subfield>
    <subfield code="c">Rs.195.00</subfield>
  </datafield>
  <datafield tag="040" ind1=" " ind2=" ">
    <subfield code="a">SEACOMEC</subfield>
  </datafield>
  <datafield tag="082" ind1=" " ind2=" ">
    <subfield code="a">671</subfield>
    <subfield code="b">T313</subfield>
  </datafield>
  <datafield tag="100" ind1=" " ind2=" ">
    <subfield code="a">G.Thirupati Reddy</subfield>
  </datafield>
  <datafield tag="245" ind1="1" ind2=" ">
    <subfield code="a">Production Technology</subfield>
    <subfield code="c">G. Thirupathy Reddy</subfield>
  </datafield>
  <datafield tag="260" ind1=" " ind2=" ">
    <subfield code="a">Chennai</subfield>
    <subfield code="b">Scitech</subfield>
    <subfield code="c">2006</subfield>
  </datafield>
  <datafield tag="650" ind1=" " ind2=" ">
    <subfield code="a">Mechanical Science</subfield>
  </datafield>
  <datafield tag="942" ind1=" " ind2=" ">
    <subfield code="c">BOOK</subfield>
  </datafield>
  <datafield tag="952" ind1=" " ind2=" ">
    <subfield code="0">0</subfield>
    <subfield code="1">0</subfield>
    <subfield code="2">ddc</subfield>
    <subfield code="4">0</subfield>
    <subfield code="7">0</subfield>
    <subfield code="a">SEACOMEC</subfield>
    <subfield code="b">SEACOMEC</subfield>
    <subfield code="d">2007-09-17</subfield>
    <subfield code="l">0</subfield>
    <subfield code="o">671 T313</subfield>
    <subfield code="p">8583</subfield>
    <subfield code="r">2024-05-09 13:03:46</subfield>
    <subfield code="w">2024-05-09</subfield>
    <subfield code="y">BOOK</subfield>
  </datafield>
  <datafield tag="952" ind1=" " ind2=" ">
    <subfield code="0">0</subfield>
    <subfield code="1">0</subfield>
    <subfield code="2">ddc</subfield>
    <subfield code="4">0</subfield>
    <subfield code="7">0</subfield>
    <subfield code="a">SEACOMEC</subfield>
    <subfield code="b">SEACOMEC</subfield>
    <subfield code="d">2007-09-17</subfield>
    <subfield code="l">0</subfield>
    <subfield code="o">671 T313</subfield>
    <subfield code="p">8584</subfield>
    <subfield code="r">2024-05-09 13:04:16</subfield>
    <subfield code="t">1</subfield>
    <subfield code="w">2024-05-09</subfield>
    <subfield code="y">BOOK</subfield>
  </datafield>
  <datafield tag="952" ind1=" " ind2=" ">
    <subfield code="0">0</subfield>
    <subfield code="1">0</subfield>
    <subfield code="2">ddc</subfield>
    <subfield code="4">0</subfield>
    <subfield code="7">0</subfield>
    <subfield code="a">SEACOMEC</subfield>
    <subfield code="b">SEACOMEC</subfield>
    <subfield code="d">2007-09-17</subfield>
    <subfield code="l">0</subfield>
    <subfield code="o">671 T313</subfield>
    <subfield code="p">8585</subfield>
    <subfield code="r">2024-05-09 13:04:16</subfield>
    <subfield code="t">2</subfield>
    <subfield code="w">2024-05-09</subfield>
    <subfield code="y">BOOK</subfield>
  </datafield>
  <datafield tag="952" ind1=" " ind2=" ">
    <subfield code="0">0</subfield>
    <subfield code="1">0</subfield>
    <subfield code="2">ddc</subfield>
    <subfield code="4">0</subfield>
    <subfield code="7">0</subfield>
    <subfield code="a">SEACOMEC</subfield>
    <subfield code="b">SEACOMEC</subfield>
    <subfield code="d">2007-09-17</subfield>
    <subfield code="l">0</subfield>
    <subfield code="o">671 T313</subfield>
    <subfield code="p">8586</subfield>
    <subfield code="r">2024-05-09 13:04:16</subfield>
    <subfield code="t">3</subfield>
    <subfield code="w">2024-05-09</subfield>
    <subfield code="y">BOOK</subfield>
  </datafield>
  <datafield tag="952" ind1=" " ind2=" ">
    <subfield code="0">0</subfield>
    <subfield code="1">0</subfield>
    <subfield code="2">ddc</subfield>
    <subfield code="4">0</subfield>
    <subfield code="7">0</subfield>
    <subfield code="a">SEACOMEC</subfield>
    <subfield code="b">SEACOMEC</subfield>
    <subfield code="d">2007-09-17</subfield>
    <subfield code="l">0</subfield>
    <subfield code="o">671 T313</subfield>
    <subfield code="p">8587</subfield>
    <subfield code="r">2024-05-09 13:04:16</subfield>
    <subfield code="t">4</subfield>
    <subfield code="w">2024-05-09</subfield>
    <subfield code="y">BOOK</subfield>
  </datafield>
  <datafield tag="952" ind1=" " ind2=" ">
    <subfield code="0">0</subfield>
    <subfield code="1">0</subfield>
    <subfield code="2">ddc</subfield>
    <subfield code="4">0</subfield>
    <subfield code="7">0</subfield>
    <subfield code="a">SEACOMEC</subfield>
    <subfield code="b">SEACOMEC</subfield>
    <subfield code="d">2007-09-17</subfield>
    <subfield code="l">0</subfield>
    <subfield code="o">671 T313</subfield>
    <subfield code="p">8588</subfield>
    <subfield code="r">2024-05-09 13:04:16</subfield>
    <subfield code="t">5</subfield>
    <subfield code="w">2024-05-09</subfield>
    <subfield code="y">BOOK</subfield>
  </datafield>
  <datafield tag="952" ind1=" " ind2=" ">
    <subfield code="0">0</subfield>
    <subfield code="1">0</subfield>
    <subfield code="2">ddc</subfield>
    <subfield code="4">0</subfield>
    <subfield code="7">0</subfield>
    <subfield code="a">SEACOMEC</subfield>
    <subfield code="b">SEACOMEC</subfield>
    <subfield code="d">2007-09-17</subfield>
    <subfield code="l">0</subfield>
    <subfield code="o">671 T313</subfield>
    <subfield code="p">8589</subfield>
    <subfield code="r">2024-05-09 13:04:16</subfield>
    <subfield code="t">6</subfield>
    <subfield code="w">2024-05-09</subfield>
    <subfield code="y">BOOK</subfield>
  </datafield>
  <datafield tag="952" ind1=" " ind2=" ">
    <subfield code="0">0</subfield>
    <subfield code="1">0</subfield>
    <subfield code="2">ddc</subfield>
    <subfield code="4">0</subfield>
    <subfield code="7">0</subfield>
    <subfield code="a">SEACOMEC</subfield>
    <subfield code="b">SEACOMEC</subfield>
    <subfield code="d">2007-09-17</subfield>
    <subfield code="l">0</subfield>
    <subfield code="o">671 T313</subfield>
    <subfield code="p">8590</subfield>
    <subfield code="r">2024-05-09 13:04:16</subfield>
    <subfield code="t">7</subfield>
    <subfield code="w">2024-05-09</subfield>
    <subfield code="y">BOOK</subfield>
  </datafield>
  <datafield tag="952" ind1=" " ind2=" ">
    <subfield code="0">0</subfield>
    <subfield code="1">0</subfield>
    <subfield code="2">ddc</subfield>
    <subfield code="4">0</subfield>
    <subfield code="7">0</subfield>
    <subfield code="a">SEACOMEC</subfield>
    <subfield code="b">SEACOMEC</subfield>
    <subfield code="d">2007-09-17</subfield>
    <subfield code="l">0</subfield>
    <subfield code="o">671 T313</subfield>
    <subfield code="p">8591</subfield>
    <subfield code="r">2024-05-09 13:04:16</subfield>
    <subfield code="t">8</subfield>
    <subfield code="w">2024-05-09</subfield>
    <subfield code="y">BOOK</subfield>
  </datafield>
  <datafield tag="952" ind1=" " ind2=" ">
    <subfield code="0">0</subfield>
    <subfield code="1">0</subfield>
    <subfield code="2">ddc</subfield>
    <subfield code="4">0</subfield>
    <subfield code="7">0</subfield>
    <subfield code="a">SEACOMEC</subfield>
    <subfield code="b">SEACOMEC</subfield>
    <subfield code="d">2007-09-17</subfield>
    <subfield code="l">0</subfield>
    <subfield code="o">671 T313</subfield>
    <subfield code="p">8592</subfield>
    <subfield code="r">2024-05-09 13:04:16</subfield>
    <subfield code="t">9</subfield>
    <subfield code="w">2024-05-09</subfield>
    <subfield code="y">BOOK</subfield>
  </datafield>
  <datafield tag="952" ind1=" " ind2=" ">
    <subfield code="0">0</subfield>
    <subfield code="1">0</subfield>
    <subfield code="2">ddc</subfield>
    <subfield code="4">0</subfield>
    <subfield code="7">0</subfield>
    <subfield code="a">SEACOMEC</subfield>
    <subfield code="b">SEACOMEC</subfield>
    <subfield code="d">2008-02-22</subfield>
    <subfield code="l">0</subfield>
    <subfield code="o">671 T313</subfield>
    <subfield code="p">9853</subfield>
    <subfield code="r">2024-06-07 15:27:55</subfield>
    <subfield code="t">10</subfield>
    <subfield code="w">2024-06-07</subfield>
    <subfield code="y">BOOK</subfield>
  </datafield>
  <datafield tag="952" ind1=" " ind2=" ">
    <subfield code="0">0</subfield>
    <subfield code="1">0</subfield>
    <subfield code="2">ddc</subfield>
    <subfield code="4">0</subfield>
    <subfield code="7">0</subfield>
    <subfield code="a">SEACOMEC</subfield>
    <subfield code="b">SEACOMEC</subfield>
    <subfield code="d">2008-02-22</subfield>
    <subfield code="l">0</subfield>
    <subfield code="o">671 T313</subfield>
    <subfield code="p">9854</subfield>
    <subfield code="r">2024-06-07 15:27:55</subfield>
    <subfield code="t">11</subfield>
    <subfield code="w">2024-06-07</subfield>
    <subfield code="y">BOOK</subfield>
  </datafield>
  <datafield tag="952" ind1=" " ind2=" ">
    <subfield code="0">0</subfield>
    <subfield code="1">0</subfield>
    <subfield code="2">ddc</subfield>
    <subfield code="4">0</subfield>
    <subfield code="7">0</subfield>
    <subfield code="a">SEACOMEC</subfield>
    <subfield code="b">SEACOMEC</subfield>
    <subfield code="d">2008-02-22</subfield>
    <subfield code="l">0</subfield>
    <subfield code="o">671 T313</subfield>
    <subfield code="p">9855</subfield>
    <subfield code="r">2024-06-07 15:27:55</subfield>
    <subfield code="t">12</subfield>
    <subfield code="w">2024-06-07</subfield>
    <subfield code="y">BOOK</subfield>
  </datafield>
  <datafield tag="952" ind1=" " ind2=" ">
    <subfield code="0">0</subfield>
    <subfield code="1">0</subfield>
    <subfield code="2">ddc</subfield>
    <subfield code="4">0</subfield>
    <subfield code="7">0</subfield>
    <subfield code="a">SEACOMEC</subfield>
    <subfield code="b">SEACOMEC</subfield>
    <subfield code="d">2008-02-22</subfield>
    <subfield code="l">0</subfield>
    <subfield code="o">671 T313</subfield>
    <subfield code="p">9856</subfield>
    <subfield code="r">2024-06-07 15:27:55</subfield>
    <subfield code="t">13</subfield>
    <subfield code="w">2024-06-07</subfield>
    <subfield code="y">BOOK</subfield>
  </datafield>
  <datafield tag="952" ind1=" " ind2=" ">
    <subfield code="0">0</subfield>
    <subfield code="1">0</subfield>
    <subfield code="2">ddc</subfield>
    <subfield code="4">0</subfield>
    <subfield code="7">0</subfield>
    <subfield code="a">SEACOMEC</subfield>
    <subfield code="b">SEACOMEC</subfield>
    <subfield code="d">2008-02-22</subfield>
    <subfield code="l">0</subfield>
    <subfield code="o">671 T313</subfield>
    <subfield code="p">9857</subfield>
    <subfield code="r">2024-06-07 15:27:55</subfield>
    <subfield code="t">14</subfield>
    <subfield code="w">2024-06-07</subfield>
    <subfield code="y">BOOK</subfield>
  </datafield>
  <datafield tag="952" ind1=" " ind2=" ">
    <subfield code="0">0</subfield>
    <subfield code="1">0</subfield>
    <subfield code="2">ddc</subfield>
    <subfield code="4">0</subfield>
    <subfield code="7">0</subfield>
    <subfield code="a">SEACOMEC</subfield>
    <subfield code="b">SEACOMEC</subfield>
    <subfield code="d">2008-02-22</subfield>
    <subfield code="l">0</subfield>
    <subfield code="o">671 T313</subfield>
    <subfield code="p">9858</subfield>
    <subfield code="r">2024-06-07 15:27:55</subfield>
    <subfield code="t">15</subfield>
    <subfield code="w">2024-06-07</subfield>
    <subfield code="y">BOOK</subfield>
  </datafield>
  <datafield tag="952" ind1=" " ind2=" ">
    <subfield code="0">0</subfield>
    <subfield code="1">0</subfield>
    <subfield code="2">ddc</subfield>
    <subfield code="4">0</subfield>
    <subfield code="7">0</subfield>
    <subfield code="a">SEACOMEC</subfield>
    <subfield code="b">SEACOMEC</subfield>
    <subfield code="d">2008-02-22</subfield>
    <subfield code="l">0</subfield>
    <subfield code="o">671 T313</subfield>
    <subfield code="p">9859</subfield>
    <subfield code="r">2024-06-07 15:27:55</subfield>
    <subfield code="t">16</subfield>
    <subfield code="w">2024-06-07</subfield>
    <subfield code="y">BOOK</subfield>
  </datafield>
  <datafield tag="952" ind1=" " ind2=" ">
    <subfield code="0">0</subfield>
    <subfield code="1">0</subfield>
    <subfield code="2">ddc</subfield>
    <subfield code="4">0</subfield>
    <subfield code="7">0</subfield>
    <subfield code="a">SEACOMEC</subfield>
    <subfield code="b">SEACOMEC</subfield>
    <subfield code="d">2008-02-22</subfield>
    <subfield code="l">0</subfield>
    <subfield code="o">671 T313</subfield>
    <subfield code="p">9860</subfield>
    <subfield code="r">2024-06-07 15:27:55</subfield>
    <subfield code="t">17</subfield>
    <subfield code="w">2024-06-07</subfield>
    <subfield code="y">BOOK</subfield>
  </datafield>
  <datafield tag="952" ind1=" " ind2=" ">
    <subfield code="0">0</subfield>
    <subfield code="1">0</subfield>
    <subfield code="2">ddc</subfield>
    <subfield code="4">0</subfield>
    <subfield code="7">0</subfield>
    <subfield code="a">SEACOMEC</subfield>
    <subfield code="b">SEACOMEC</subfield>
    <subfield code="d">2008-02-22</subfield>
    <subfield code="l">0</subfield>
    <subfield code="o">671 T313</subfield>
    <subfield code="p">9861</subfield>
    <subfield code="r">2024-06-07 15:27:55</subfield>
    <subfield code="t">18</subfield>
    <subfield code="w">2024-06-07</subfield>
    <subfield code="y">BOOK</subfield>
  </datafield>
  <datafield tag="952" ind1=" " ind2=" ">
    <subfield code="0">0</subfield>
    <subfield code="1">0</subfield>
    <subfield code="2">ddc</subfield>
    <subfield code="4">0</subfield>
    <subfield code="7">0</subfield>
    <subfield code="a">SEACOMEC</subfield>
    <subfield code="b">SEACOMEC</subfield>
    <subfield code="d">2008-02-22</subfield>
    <subfield code="l">0</subfield>
    <subfield code="o">671 T313</subfield>
    <subfield code="p">9862</subfield>
    <subfield code="r">2024-06-07 15:27:55</subfield>
    <subfield code="t">19</subfield>
    <subfield code="w">2024-06-07</subfield>
    <subfield code="y">BOOK</subfield>
  </datafield>
  <datafield tag="952" ind1=" " ind2=" ">
    <subfield code="0">0</subfield>
    <subfield code="1">0</subfield>
    <subfield code="2">ddc</subfield>
    <subfield code="4">0</subfield>
    <subfield code="7">0</subfield>
    <subfield code="a">SEACOMEC</subfield>
    <subfield code="b">SEACOMEC</subfield>
    <subfield code="d">2008-02-22</subfield>
    <subfield code="l">0</subfield>
    <subfield code="o">671 T313</subfield>
    <subfield code="p">9863</subfield>
    <subfield code="r">2024-06-07 15:27:55</subfield>
    <subfield code="t">20</subfield>
    <subfield code="w">2024-06-07</subfield>
    <subfield code="y">BOOK</subfield>
  </datafield>
  <datafield tag="952" ind1=" " ind2=" ">
    <subfield code="0">0</subfield>
    <subfield code="1">0</subfield>
    <subfield code="2">ddc</subfield>
    <subfield code="4">0</subfield>
    <subfield code="7">0</subfield>
    <subfield code="a">SEACOMEC</subfield>
    <subfield code="b">SEACOMEC</subfield>
    <subfield code="d">2008-02-22</subfield>
    <subfield code="l">0</subfield>
    <subfield code="o">671 T313</subfield>
    <subfield code="p">9864</subfield>
    <subfield code="r">2024-06-07 15:27:55</subfield>
    <subfield code="t">21</subfield>
    <subfield code="w">2024-06-07</subfield>
    <subfield code="y">BOOK</subfield>
  </datafield>
  <datafield tag="952" ind1=" " ind2=" ">
    <subfield code="0">0</subfield>
    <subfield code="1">0</subfield>
    <subfield code="2">ddc</subfield>
    <subfield code="4">0</subfield>
    <subfield code="7">0</subfield>
    <subfield code="a">SEACOMEC</subfield>
    <subfield code="b">SEACOMEC</subfield>
    <subfield code="d">2008-02-22</subfield>
    <subfield code="l">0</subfield>
    <subfield code="o">671 T313</subfield>
    <subfield code="p">9865</subfield>
    <subfield code="r">2024-06-07 15:27:55</subfield>
    <subfield code="t">22</subfield>
    <subfield code="w">2024-06-07</subfield>
    <subfield code="y">BOOK</subfield>
  </datafield>
  <datafield tag="952" ind1=" " ind2=" ">
    <subfield code="0">0</subfield>
    <subfield code="1">0</subfield>
    <subfield code="2">ddc</subfield>
    <subfield code="4">0</subfield>
    <subfield code="7">0</subfield>
    <subfield code="a">SEACOMEC</subfield>
    <subfield code="b">SEACOMEC</subfield>
    <subfield code="d">2008-02-22</subfield>
    <subfield code="l">0</subfield>
    <subfield code="o">671 T313</subfield>
    <subfield code="p">9866</subfield>
    <subfield code="r">2024-06-07 15:27:55</subfield>
    <subfield code="t">23</subfield>
    <subfield code="w">2024-06-07</subfield>
    <subfield code="y">BOOK</subfield>
  </datafield>
  <datafield tag="952" ind1=" " ind2=" ">
    <subfield code="0">0</subfield>
    <subfield code="1">0</subfield>
    <subfield code="2">ddc</subfield>
    <subfield code="4">0</subfield>
    <subfield code="7">0</subfield>
    <subfield code="a">SEACOMEC</subfield>
    <subfield code="b">SEACOMEC</subfield>
    <subfield code="d">2008-02-22</subfield>
    <subfield code="l">0</subfield>
    <subfield code="o">671 T313</subfield>
    <subfield code="p">9867</subfield>
    <subfield code="r">2024-06-07 15:27:55</subfield>
    <subfield code="t">24</subfield>
    <subfield code="w">2024-06-07</subfield>
    <subfield code="y">BOOK</subfield>
  </datafield>
  <datafield tag="999" ind1=" " ind2=" ">
    <subfield code="c">1045</subfield>
    <subfield code="d">1045</subfield>
  </datafield>
</record>
